000 00346nam a2200145Ia 4500
008 150201s2009 xx 000 0 und d
082 _a617.6
_bA2009L
100 _aJOHN.M.LORE
245 _aAN ATLAS OF HEAD & NECK SURGERY
250 _a1ST
260 _bELSEVIER
_aDELHI
_c2009
300 _a1-1490
650 _aORAL SURGERY
942 _2ddc
_cBK
999 _c4784
_d4784